ბათუმის შოთა რუსთაველის სახელმწიფო უნივერსიტეტის ბიბლიოთეკა

Personal, Academic and Career Development in Higher Education (ბიბ.ჩანაწერი № 51469)

000 -LEADER
fixed length control field 00756nam a2200253Ia 4500
001 - CONTROL NUMBER
control field 18455
003 - CONTROL NUMBER IDENTIFIER
control field GE_BSU
008 - FIXED-LENGTH DATA ELEMENTS--GENERAL INFORMATION
fixed length control field 181216s||||||||xx |||||||||||||| ||und||
020 ## - INTERNATIONAL STANDARD BOOK NUMBER
International Standard Book Number 9780415423601
040 ## - CATALOGING SOURCE
Transcribing agency GE_BSU
080 ## - UNIVERSAL DECIMAL CLASSIFICATION NUMBER
Universal Decimal Classification number 371
100 ## - MAIN ENTRY--PERSONAL NAME
Personal name Kumar, Arti
245 ## - TITLE STATEMENT
Title Personal, Academic and Career Development in Higher Education
245 ## - TITLE STATEMENT
Remainder of title Self, Opportunity, Aspirations, results
260 ## - PUBLICATION, DISTRIBUTION, ETC.
Place of publication, distribution, etc. London
260 ## - PUBLICATION, DISTRIBUTION, ETC.
Name of publisher, distributor, etc. Routledge
260 ## - PUBLICATION, DISTRIBUTION, ETC.
Date of publication, distribution, etc. 2007
300 ## - PHYSICAL DESCRIPTION
Extent 306 p. 23cm.
653 ## - INDEX TERM--UNCONTROLLED
Uncontrolled term Personal,Academic and Career Development in Higher Education
653 ## - INDEX TERM--UNCONTROLLED
Uncontrolled term Self, Opportunity, Aspirations, results
653 ## - INDEX TERM--UNCONTROLLED
Uncontrolled term კარიერული განვითარება
653 ## - INDEX TERM--UNCONTROLLED
Uncontrolled term პედაგოგიკა
942 ## - ADDED ENTRY ELEMENTS (KOHA)
Koha item type წიგნი
ეგზემპლარები
Withdrawn status Lost status Damaged status Not for loan Date acquired Barcode Date last seen Price effective from Koha item type
        2018-12-17 47310 2018-12-17 2018-12-17 წიგნი